Information and documentation - Management systems for record - Requirements : ISO 30301 : Second ed. 2019-02

Na minha lista:
Detalhes bibliográficos
Formato: Livro
Idioma:inglês
Publicado em: ISO 2019
Tags: Adicionar Tag
Sem tags, seja o primeiro a adicionar uma tag!

MARC

LEADER 00000nam a22000003a 4500
001 0091847
003 SK-STU
005 20211130092756.9
007 ta
008 211130s ----xo-----e------000-0-----d
040 |a STU  |b slo 
041 0 |a eng 
245 1 0 |a Information and documentation - Management systems for record - Requirements :  |b ISO 30301 : Second ed. 2019-02 
260 |b ISO  |c 2019 
300 |a 16 s. 
996 |b 284M088940  |c M* N-1687-1  |l MMST  |s P  |a 0  |w 0091847_0001